[Event "SuperFinal 2015 (men)"]
[Site "Chita"]
[Date "2015.08.11"]
[Round "3.5"]
[White "Artemiev, Vladislav"]
[Black "Motylev, Alexander"]
[Result "1-0"]
[WhiteElo "2671"]
[BlackElo "2658"]
[PlyCount "47"]
[EventDate "2015.??.??"]
[TimeControl "6000+1370"]
[WhiteClock "0:10:31"]
[BlackClock "0:01:49"]

1. d4 d5 2. c4 dxc4 3. e3 e5 4. Bxc4 exd4 5. exd4 Bd6 6. Nf3 Nf6 7. O-O O-O 8.
h3 Nc6 9. Nc3 Bf5 10. Bg5 h6 11. Bh4 g5 12. Nxg5 hxg5 13. Bxg5 Re8 14. Qd2 Nxd4
15. Rad1 c5 16. b4 b6 17. bxc5 bxc5 18. Rfe1 Rxe1+ 19. Qxe1 Be6 (19... Qe7 20.
Qd2 Ne4 21. Bxe7 Nxd2 22. Bd5) (19... Be7) 20. Bxe6 fxe6 21. Rxd4 Bh2+ (21...
cxd4 22. Qxe6+ Kg7 23. Nd5) 22. Kxh2 Qxd4 23. Qxe6+ Kg7 24. Ne2 1-0

[Event "SuperFinal 2015 (men)"]
[Site "Chita"]
[Date "2015.08.13"]
[Round "5.5"]
[White "Jakovenko, Dmitry"]
[Black "Vitiugov, Nikita"]
[Result "1/2-1/2"]
[LiveChessVersion "1.4.4"]
[BlackElo "2719"]
[WhiteElo "2759"]

1. d4 {[%clk 1:30:58]} Nf6 {[%clk 1:30:30]} 2. c4 {[%clk 1:31:22]} e6
{[%clk 1:30:56]} 3. g3 {[%clk 1:31:50]} Bb4+ {[%clk 1:29:38]} 4. Bd2
{[%clk 1:31:52]} Be7 {[%clk 1:28:57]} 5. Bg2 {[%clk 1:32:15]} d5 {[%clk 1:29:12]}
6. Nf3 {[%clk 1:32:40]} c6 {[%clk 1:29:02]} 7. Qc2 {[%clk 1:32:28]} O-O
{[%clk 1:27:40]} 8. O-O {[%clk 1:32:53]} Nbd7 {[%clk 1:25:30]} 9. Rd1
{[%clk 1:32:41]} b6 {[%clk 1:24:39]} 10. b3 {[%clk 1:33:05]} Ba6 {[%clk 1:22:10]}
11. a4 {[%clk 1:33:02]} h6 {[%clk 1:21:25]} 12. a5 {[%clk 1:24:26]} Bd6
{[%clk 1:21:05]} 13. Be1 {[%clk 1:09:01]} Ne4 {[%clk 0:58:35]} 14. Ne5
{[%clk 0:58:24]} Nxe5 {[%clk 0:55:39]} 15. Bxe4 {[%clk 0:51:58]} Nd7
{[%clk 0:54:33]} 16. Bd3 {[%clk 0:52:02]} Qc8 {[%clk 0:46:54]} 17. Nd2
{[%clk 0:36:23]} Bb4 {[%clk 0:40:34]} 18. Nf3 {[%clk 0:36:40]} Bxe1
{[%clk 0:38:32]} 19. Rxe1 {[%clk 0:33:35]} dxc4 {[%clk 0:31:54]} 20. Bxc4
{[%clk 0:24:16]} c5 {[%clk 0:30:12]} 21. Bxa6 {[%clk 0:24:18]} Qxa6
{[%clk 0:30:36]} 22. dxc5 {[%clk 0:24:22]} bxc5 {[%clk 0:28:33]} 23. Red1
{[%clk 0:24:41]} Nf6 {[%clk 0:25:50]} 24. Qc4 {[%clk 0:20:43]} Qb7
{[%clk 0:24:11]} 25. Qxc5 {[%clk 0:15:16]} Rfc8 {[%clk 0:20:31]} 26. Qa3
{[%clk 0:15:02]} Rc3 {[%clk 0:16:06]} 27. a6 {[%clk 0:10:01]} Qxb3
{[%clk 0:10:49]} 28. Qe7 {[%clk 0:10:03]} Qb6 {[%clk 0:05:53]} 29. Rdb1
{[%clk 0:09:11]} Nd5 {[%clk 0:03:20]} 30. Rxb6 {[%clk 0:05:28]} Nxe7
{[%clk 0:03:48]} 31. Rb7 {[%clk 0:05:54]} Nd5 {[%clk 0:04:00]} 32. Ne5
{[%clk 0:04:07]} Nc7 {[%clk 0:03:31]} 33. Nd3 {[%clk 0:02:02]} Ne8
{[%clk 0:02:18]} 34. Nb4 {[%clk 0:01:13]} Nd6 {[%clk 0:01:43]} 35. Rd7
{[%clk 0:01:37]} Ne4 {[%clk 0:01:16]} 36. Nd3 {[%clk 0:00:53]} Nf6
{[%clk 0:01:18]} 37. Rb7 {[%clk 0:01:15]} Ne8 {[%clk 0:01:37]} 38. Rab1
{[%clk 0:01:21]} Nd6 {[%clk 0:01:39]} 39. Rd7 {[%clk 0:00:37]} Rc6
{[%clk 0:01:30]} 40. Ra1 {[%clk 0:30:38]} Rb6 {[%clk 0:30:35]} 41. Ne5
{[%clk 0:26:38]} Ne4 {[%clk 0:13:04]} 42. Ra5 {[%clk 0:22:55]} f6
{[%clk 0:10:16]} 43. Nd3 {[%clk 0:21:27]} e5 {[%clk 0:09:18]} 44. Kg2
{[%clk 0:19:26]} Rd6 {[%clk 0:08:19]} 45. Rc7 {[%clk 0:19:01]} Ng5
{[%clk 0:08:23]} 46. Nc5 {[%clk 0:17:30]} Ne6 {[%clk 0:06:00]} 47. Nxe6
{[%clk 0:14:23]} Rxe6 {[%clk 0:06:29]} 48. Rd5 {[%clk 0:14:45]} Rxa6
{[%clk 0:05:46]} 49. Rdd7 {[%clk 0:15:10]} g5 {[%clk 0:05:51]} 50. Rg7+
{[%clk 0:15:31]} Kh8 {[%clk 0:06:03]} 51. Rh7+ {[%clk 0:15:39]} Kg8
{[%clk 0:06:31]} 52. Rxh6 {[%clk 0:15:30]} Rb6 {[%clk 0:06:24]} 53. Rg6+
{[%clk 0:08:09]} Kh8 {[%clk 0:06:43]} 54. Kh3 {[%clk 0:08:01]} a5
{[%clk 0:04:23]} 55. Kg4 {[%clk 0:08:14]} Rba6 {[%clk 0:03:49]} 56. Kh5
{[%clk 0:02:07]} a4 {[%clk 0:03:15]} 57. Kh6 {[%clk 0:01:42]} R6a7 58. Rxa7 Rxa7
{[%clk 0:04:05]} 59. Rxf6 {[%clk 0:02:22]} Kg8 {[%clk 0:04:04]} 60. Rg6+
{[%clk 0:02:12]} Kf8 {[%clk 0:03:59]} 61. Rc6 {[%clk 0:02:38]} a3
{[%clk 0:03:59]} 62. Rc1 {[%clk 0:03:04]} g4 {[%clk 0:03:15]} 63. Ra1
{[%clk 0:01:59]} Ke7 {[%clk 0:02:34]} 64. Kg5 {[%clk 0:02:24]} Ra4
{[%clk 0:02:46]} 65. Kf5 {[%clk 0:00:44]} Kd6 {[%clk 0:03:15]} 66. Rd1+
{[%clk 0:00:39]} Rd4 {[%clk 0:03:30]} 67. Ra1 {[%clk 0:01:07]} Ra4
{[%clk 0:03:59]} 68. e4 {[%clk 0:01:15]} a2 {[%clk 0:04:07]} 69. Kf6
{[%clk 0:01:41]} Ra8 {[%clk 0:03:11]} 70. Kg5 {[%clk 0:02:05]} Ra4
{[%clk 0:01:42]} 71. Kf5 {[%clk 0:02:32]} Kc5 {[%clk 0:01:53]} 72. Kxe5
{[%clk 0:02:59]} Kc4 {[%clk 0:02:18]} 73. Kf5 {[%clk 0:02:44]} Kb3
{[%clk 0:02:32]} 74. e5 {[%clk 0:01:58]} Kb2 {[%clk 0:02:44]} 75. Re1
{[%clk 0:01:08]} a1=Q {[%clk 4:04:06]} 76. Rxa1 {[%clk 0:01:35]} Rxa1
{[%clk 0:02:00]} 77. Kxg4 {[%clk 0:01:34]} Kc3 {[%clk 0:02:16]} 78. f4
{[%clk 0:01:57]} Kd4 {[%clk 0:02:29]} 79. h4 {[%clk 0:01:35]} Kd5
{[%clk 0:01:51]} 80. Kf5 {[%clk 0:01:09]} Ra8 {[%clk 0:02:05]} 81. Kf6
{[%clk 0:00:55]} Ra6+ {[%clk 0:01:50]} 82. Kf5 {[%clk 0:01:01]} Ra8
{[%clk 0:02:17]} 83. h5 {[%clk 0:01:07]} Rf8+ {[%clk 0:02:20]} 84. Kg4
{[%clk 0:00:40]} Ke6 {[%clk 0:01:54]} 85. Kf3 {[%clk 0:01:02]} Ra8
{[%clk 0:01:49]} 86. g4 {[%clk 0:01:23]} Ra3+ {[%clk 0:01:53]} 87. Kg2
{[%clk 0:01:37]} Kd5 {[%clk 0:00:46]} 88. h6 {[%clk 0:01:54]} Ke6
{[%clk 0:00:41]} 89. Kh2 {[%clk 0:00:38]} Rb3 {[%clk 0:01:04]} 90. Kg2
{[%clk 0:00:50]} Ra3 {[%clk 0:01:33]} 91. Kh2 {[%clk 0:00:44]} Kxe5 1/2-1/2